| 000 | 00372nam a2200133Ia 4500 | ||
|---|---|---|---|
| 008 | 191129s9999 xx 000 0 und d | ||
| 020 | _a9789710098538 | ||
| 100 | _aGatmaitan, Luis P. | ||
| 245 |
_cLuis P. Gatmaitan _aTuli o di tuli/ |
||
| 260 |
_aManila: _bOMF Literature Inc. _c2019 |
||
| 300 |
_a62 p. ; _c18 cm. |
||
| 650 | _aReligion | ||
| 650 | _aTradition and beliefs | ||
| 999 |
_c362774 _d362774 |
||